Sports sans voyelles - Statistiques

Statistiques générales
  • Ce quiz a été pris 343 fois
  • Le résultat moyen est 19 sur 20
Statistiques - réponses
Indices Réponses % Correct
BSKT Basket
100%
FTBLL Football
100%
BWLNG Bowling
99%
BDMNTN Badminton
98%
GLF Golf
98%
GMNSTQ Gymnastique
98%
HNDBLL Handball
98%
BSBLL Baseball
97%
TNNS Tennis
97%
WTR-PL Water-Polo
97%
SCRM Escrime
93%
BX Boxe
92%
CRLNG Curling
90%
HCK Hockey
90%
RGB Rugby
90%
THLTSM Athlétisme
89%
VLL Volley
85%
CCLSM Cyclisme
83%
PTNG RTSTQ Patinage Artistique
81%
KRT Karaté
78%
Aucun quiz correspondant
Distribution des résultats
% des personnes avec chaque résultat
Percentile par nombre de réponses
Votre historique - résultats
Vous n’avez pas pris ce quiz